Ursula K. Le Guin - Earthsea Books - Statistics

General Stats
  • This quiz has been taken 12 times
  • The average score is 5 of 6
Answer Stats
Books % Correct
A Wizard of Earthsea
100%
The Tombs of Atuan
92%
Tehanu
83%
Tales from Earthsea
58%
The Farthest Shore
58%
The Other Wind
58%
No matching quizzes found
Score Distribution
Percent of People with Each Score
Percentile by Number Answered
Your Score History
You have not taken this quiz